| 000 | 00655cam a22002051 4500 | ||
|---|---|---|---|
| 001 | ne 68002990 | ||
| 003 | DLC | ||
| 005 | 20260227111845.0 | ||
| 008 | 890202s1968 ua 000 0 arar | ||
| 010 | _ane 68002990 | ||
| 035 | _a(OCoLC)19097662 | ||
| 040 |
_aDLC _cCU _dCU _dDLC |
||
| 042 | _apremarc | ||
| 050 | 0 | 0 |
_aPJ6095 _b.A65 1968 |
| 100 | 1 |
_aʻAqqād, ʻAbbās Maḥmūd, _d1889-1964. |
|
| 245 | 1 | 3 |
_aal-Lughah al-shāʻirah, _bmazāyā al-fann wa-al-taʻbīr fī al-lughah al-ʻArabīyah. _cBi-qalam ʻAbbās Maḥmūd al- ʻAqqād. |
| 260 |
_a[al-Qāhirah] _bMaktabat Gharīb _c[1968] |
||
| 300 |
_a166 p. _c20 cm. |
||
| 650 | 0 | _aArabic language. | |
| 999 |
_c50652 _d50652 |
||